00763nam a2200217Ia 4500003000900000008004100009020001800050040001600068080001600084100003000100245013200130260003900262300001400301650004100315650001400356650001900370700003200389942000700421999001500428952010200443IN-BaIIA211028s9999 xx 000 0 eng d a0-7167-1417-5 cIIA Library a524.83bWAG aWagoner, Robert V.913516 0aCosmic horizonsbunderstanding the universecRobert V. Wagoner and Donald W. Goldsmith  aSan FranciscobW. H. Freemanc1983 aix, 195p. aAstronomy and astrophysics thesaurus aCosmology aUniverse91987 aGoldsmith, Donald W.913517 cBK c8012d8012 00104070aBANbBANcGENd1984-12-04l0o524.83/ WAGp8837r2021-11-05w1984-12-04yBKG£ 20.95